000 00977nas a2200301 4500
001 BR8900376
003 BR-BrBNA
005 20231205091437.0
007 ta
008 230509b bl.|||p| |||| 00| 00por d
040 _aBR-BrBNA
_bpor
_cBiblioteca Nacional de Agricultura
041 _a(Pt)
072 _aL73; L53
100 1 _aVidotto, O.
100 1 _aCosta, A.J. da
100 1 _aReis, A.C.F. dos
100 1 _aViotti, N.M.A.
245 1 _aToxoplasmose experimental em porcas gestantes. 3. Alteracoes patologicas e reisolamento
246 1 _a[Experimental toxoplasmosis in pregnant sows. 3 - Patological alterations and reisolation]
650 _aSUÍNO
650 _aPRENHEZ
650 _aTOXOPLASMOSE
650 _aLESAO
650 _aABORTO
773 0 _tArquivo Brasileiro de Medicina Veterinaria e Zootecnia (Brazil)
_xISSN 0102-0935
_g(Oct 1987), v. 39(5) p. 795-814
_wBR8900376
909 _a202311
_bLúcia
_c55
_dLúcia Elande
942 _2AGRIS
_n0
_cANA
999 _c125126
_d125126